000 00985nam a2200265Ia 4500
003 OSt
005 20220930092248.0
006 a|||||r|||| 00| 0
007 ta
008 220926b |||||||| |||| 00| 0 eng d
024 _a19398
037 _cTheses
040 _aCRL
_cCRL
_beng
041 _2eng
_aeng
100 _aMakker Gurpreet
_9548337
110 _aUniversity of Delhi. Faculty of Inder-Disciplinary and Applied Sciences. Department of Physical Education and Sports Science
_9548338
245 0 _aConstruction and standardization of skill test for the selection of players in cricket
260 _c2014
650 _a SPORTS
_929484
650 _aPHYSICAL EDUCATION
_9200257
700 _a Dr. Ashok Kr. Singh Gu.
_9548339
700 _aUniversity of Delhi. Faculty of Inder-Disciplinary and Applied Sciences. Department of Physical Education and Sports Science
_9548340
942 _cDIS
_2CC
999 _c883509
_d883509